Statistics for Favour - Julien Baker (Lyrics)

Click here to take the quiz!

General Stats

  • This quiz has been taken 8 times
  • The average score is 196 of 209

Answer Stats

Answer% Correct
a
100%
about
100%
all
100%
always
100%
And
100%
and
100%
anything
100%
asking
100%
be
100%
But
100%
but
100%
change
100%
come
100%
could
100%
cry
100%
die?
100%
do
100%
down
100%
easier
100%
enough
100%
everyone's
100%
family
100%
favour
100%
for?
100%
friends
100%
From
100%
from
100%
goodwill?
100%
grill
100%
gurney
100%
have
100%
hood
100%
How
100%
I
100%
I'm
100%
it
100%
It
100%
it's
100%
I've
100%
Just
100%
kin
100%
knew
100%
let
100%
liar
100%
Like
100%
like
100%
making
100%
me
100%
missed
100%
more
100%
moth
100%
much
100%
my
100%
myself
100%
of
100%
on
100%
only
100%
out
100%
pulled
100%
right
100%
Sat
100%
Saying
100%
scrape
100%
see
100%
seems
100%
serious
100%
shame
100%
so
100%
sorry
100%
spent
100%
talented
100%
tell
100%
that
100%
the
100%
think
100%
time
100%
To
100%
to
100%
together
100%
Told
100%
too
100%
took
100%
truck
100%
truth
100%
Trying
100%
Turns
100%
up
100%
used
100%
Visit
100%
Was
100%
was
100%
We
100%
were
100%
who
100%
Who
100%
you
100%
You
100%
your
100%
bad
80%
doesn't
80%
either
80%
feel
80%
forty
80%
had
80%
Hardly
80%
human
80%
I'd
80%
If
80%
less
80%
long
80%
never
80%
nicotine
80%
night
80%
Not
80%
patch
80%
put
80%
than
80%
Than
80%
until
80%
wanna
80%
way
80%
What
80%
what
80%
With
80%
works
80%
couldn't
60%
did
60%
find?
60%
great
60%
Letting
60%
make
60%
over
60%
tender?
60%
Well
60%
yourself
60%
even
40%
In
40%
know
40%
then
40%

Score Distribution

Percentile by Number Answered

Percent of People with Each Score

Your Score History

You have not taken this quiz